<?xml version="1.0" encoding="UTF-8"?>
<record
    xmlns:xsi="http://www.w3.org/2001/XMLSchema-instance"
    xsi:schemaLocation="http://www.loc.gov/MARC21/slim http://www.loc.gov/standards/marcxml/schema/MARC21slim.xsd"
    xmlns="http://www.loc.gov/MARC21/slim">

  <leader>00204nam a22000977a 4500</leader>
  <datafield tag="041" ind1=" " ind2=" ">
    <subfield code="a">eng</subfield>
  </datafield>
  <datafield tag="080" ind1=" " ind2=" ">
    <subfield code="a">80</subfield>
  </datafield>
  <datafield tag="100" ind1=" " ind2=" ">
    <subfield code="a">&#x41A;&#x430;&#x443;&#x448;&#x430;&#x43D;&#x441;&#x43A;&#x430;&#x44F;, &#x412;. &#x41B;.</subfield>
  </datafield>
  <datafield tag="245" ind1=" " ind2=" ">
    <subfield code="a">English Grammar Exercises.</subfield>
  </datafield>
  <datafield tag="999" ind1=" " ind2=" ">
    <subfield code="c">280506</subfield>
    <subfield code="d">280506</subfield>
  </datafield>
  <datafield tag="942" ind1=" " ind2=" ">
    <subfield code="c">BK</subfield>
  </datafield>
  <datafield tag="952" ind1=" " ind2=" ">
    <subfield code="0">0</subfield>
    <subfield code="1">0</subfield>
    <subfield code="2">udc</subfield>
    <subfield code="4">0</subfield>
    <subfield code="7">0</subfield>
    <subfield code="a">104</subfield>
    <subfield code="b">104</subfield>
    <subfield code="d">2005-08-08</subfield>
    <subfield code="e">&#x410;&#x43A;&#x442; &#x2116; 5\05</subfield>
    <subfield code="g">3.00</subfield>
    <subfield code="l">0</subfield>
    <subfield code="o">80</subfield>
    <subfield code="p">205883</subfield>
    <subfield code="r">2019-01-29 00:00:00</subfield>
    <subfield code="w">2005-12-26</subfield>
    <subfield code="y">BK</subfield>
  </datafield>
</record>
